| 000 | 00661cam a2200229 4500 | ||
|---|---|---|---|
| 008 | 090401t1989 xxu||||| |||| 00| 0 eng d | ||
| 020 | _a0851253849 | ||
| 035 | _a(Sirsi) u21687 | ||
| 041 | _aeng | ||
| 050 | _a693.97 | ||
| 110 | _aBuilding Research Establishment | ||
| 245 | _aFalkiner-Nuttal steel-framed houses. | ||
| 260 |
_aGarston,Watford _bBuilding Research Establishment _c1989 |
||
| 300 | _a(4)p. : ill. ; 30cm. | ||
| 350 | _a3 | ||
| 490 |
_aBRE Building Renewal _v144 |
||
| 650 | _aFALKINER-NUTTALL STEEL-FRAMED HOUSES | ||
| 650 | _aPREFABRICATION | ||
| 690 | _aBUILT ENVIRONMENT-CONSTRUCTION DESIGN | ||
| 942 | _n0 | ||
| 948 | _c04/03/1997 | ||
| 999 |
_c88034 _d88034 |
||